000 01536nam a22004337a 4500
003 OSt
005 20230524084627.0
008 221006b |||||||| |||| 00| 0 eng d
040 _cBiblioteca Lado V
082 _a700
_bA786l
110 _9830
_aARTEDER
_eEditor
245 _aLAPIZ/
_bRevista Mensual de Arte/
260 _bFeria internacional de Bilbao
_c1995
_aEspaña
300 _c22x29cm
_a98p.
366 _espa
490 _a111
_vXIII
505 _aEditorial
505 _aARTE GLOBAL
505 _aComentario sobre el multiculturalismo
505 _aEl arte de las políticas exóticas
505 _aEntrevista con Eugenio Cano
505 _aEva Hesse, Cindy Sherman y Robert Gober
505 _aEntrevista con Jonathan Lasker
505 _aHiperrealidad del sujeto
505 _aPoeticas de la supervivencia
505 _aCartografias
505 _aOnce artistas de Galicia
505 _aCronicas de exposiciones
650 _2Tesauro de Arte & Arquitectura
_aARTE
_9703
650 _2Tesauro de Arte & Arquitectura
_aARQUITECTURA
650 _2Tesauro de Arte & Arquitectura
_aFOTOGRAFIA
_9702
650 _2Tesauro de Arte & Arquitectura
_aENTREVISTAS
650 _2Tesauro de Arte & Arquitectura
_aARQUEOLOGIA
650 _2Tesauro de Arte & Arquitectura
_aREPORTAJES
650 _2Tesauro de Arte & Arquitectura
_aLIBROS
650 _2Tesauro de Arte & Arquitectura
_aNOTICIAS
651 _2Tesauro de Arte & Arquitectura
_aSUBASTAS
942 _2ddc
_c1
_h700
_iA786l
_n0
999 _c3678
_d3678